Filosofía del Imperio
Uloženo v:
| Hlavní autoři: | , |
|---|---|
| Médium: | Kniha |
| Jazyk: | španělština |
| Vydáno: |
Madrid
Abada
2010
|
| Edice: | Filosofía
|
| Témata: | |
| Tagy: |
Přidat tag
Žádné tagy, Buďte první, kdo vytvoří štítek k tomuto záznamu!
|
MARC
| LEADER | 00000cam a2200000 a 4500 | ||
|---|---|---|---|
| 001 | UCG8183 | ||
| 003 | CL-VaPUC | ||
| 008 | 111124e20100000SP |||||||||||||||||spa|d | ||
| 020 | |a 9788496775695 | ||
| 082 | 0 | 4 | |a 901 |b DUQ |2 21 |
| 100 | 0 | |a Duque, Félix |e author |9 245661 | |
| 700 | 0 | |a Rocco, Valerio |e author |9 559095 | |
| 245 | 1 | 0 | |a Filosofía del Imperio |
| 300 | |a 407 p | ||
| 942 | |c BK | ||
| 945 | |d 20111124 00:00:00 |a dcastane | ||
| 260 | |a Madrid |b Abada |c 2010 | ||
| 650 | 0 | |a Filosofía de la historia |9 265651 | |
| 650 | 0 | |a Historia moderna |9 268036 | |
| 583 | |a last modification |c 20111124 10:35:00 |k Rodrigo Vera | ||
| 490 | 0 | |a Filosofía | |
| 999 | |c 345812 |d 345810 | ||
| 952 | |0 0 |1 0 |4 0 |6 901_000000000000000_DUQ_2010 |7 0 |8 A |9 446094 |a BIBHIS |b BIBHIS |d 2019-11-22 |i 4806174 |o 901 DUQ 2010 |p 4806174 |r 2025-01-20 |w 2019-11-22 |y BK |k HIS | ||